[Event "Xtracon Chess Open 2018"]
[Site "Elsinore"]
[Date "2018.07.28"]
[Round "9"]
[White "Vitiugov, Nikita"]
[Black "Maze, Sebastien"]
[Result "1/2-1/2"]
[WhiteElo "2734"]
[BlackElo "2628"]
[EventDate "2018.07.21"]
[WhiteFideId "4152956"]
[BlackFideId "613762"]

1.d4 Nf6 2.c4 e6 3.Nc3 Bb4 4.e3 O-O 5.Nf3 b6 6.Bd3 Bb7 7.O-O c5 8.Na4 cxd4
9.exd4 Re8 10.Bf4 Bf8 11.Rc1 d6 12.Re1 Nbd7 13.Nc3 a6 14.a3 h6 15.b4 a5 
16.Bg3 axb4 17.axb4 Nh5 18.d5 e5 19.Bh4 Ndf6 20.Nd2 Nf4 21.Bc2 Bc8 22.Bg3 
Bg4 23.f3 Bd7 24.Bxf4 exf4 25.Nb3 1/2-1/2

[Event "Xtracon Chess Open 2018"]
[Site "Elsinore"]
[Date "2018.07.28"]
[Round "9"]
[White "Roy, Prantik"]
[Black "Andreikin, Dmitry"]
[Result "0-1"]
[WhiteElo "2347"]
[BlackElo "2702"]
[EventDate "2018.07.21"]
[WhiteFideId "5035120"]
[BlackFideId "4158814"]

1.Nf3 Nf6 2.c4 e6 3.g3 a6 4.Bg2 b5 5.d3 Bb7 6.O-O Be7 7.b3 O-O 8.Na3 bxc4 
9.bxc4 c5 10.Rb1 Bc6 11.Bd2 d6 12.Nc2 Qc7 13.e4 Ba4 14.Qc1 Bxc2 15.Qxc2 
Nc6 16.Bc3 Nd7 17.Nh4 Bxh4 18.gxh4 Nd4 19.Bxd4 cxd4 20.f4 Rab8 21.Rbd1 e5 
22.Bh3 Nc5 23.Kh1 Qe7 24.Qf2 exf4 25.Qxf4 Rb2 26.Rf2 Rfb8 27.Bf1 Rxf2 28.
Qxf2 Qe5 29.Bh3 g6 30.Rf1 Rb7 31.Qf3 h5 32.Bc8 Rc7 33.Bh3 Kg7 34.Kg1 Rb7 
35.Bc8 Rc7 36.Bh3 Qe7 37.Qg3 Rb7 38.Rf2 Rb1+ 39.Bf1 a5 40.Kg2 a4 41.Be2 
Qe5 42.Qf3 Rb7 43.a3 Qe7 44.Qg3 Rb3 45.Rf3 Rxa3 46.Qf2 Ne6 47.Bf1 Rb3 48.
Kg3 a3 49.Bh3 Nc5 0-1

[Event "Xtracon Chess Open 2018"]
[Site "Elsinore"]
[Date "2018.07.28"]
[Round "9"]
[White "Jobava, Baadur"]
[Black "Andersen, Mads"]
[Result "1/2-1/2"]
[WhiteElo "2644"]
[BlackElo "2597"]
[EventDate "2018.07.21"]
[WhiteFideId "13601520"]
[BlackFideId "1413864"]

1.d4 Nf6 2.Bg5 d5 3.Bxf6 exf6 4.e3 c5 5.Bb5+ Nc6 6.Ne2 Be6 7.Nbc3 a6 8.
Bxc6+ bxc6 9.O-O Bd6 10.Na4 cxd4 11.exd4 O-O 12.Qd2 Re8 13.Rfe1 h5 14.c3 
h4 15.Nc5 Qc7 16.h3 Bf5 17.a4 a5 18.b4 Qc8 19.Nf4 Rxe1+ 20.Rxe1 axb4 21.
cxb4 Bxc5 22.dxc5 Rxa4 23.Ne2 Ra3 24.Nd4 g6 25.Qf4 Kg7 26.Re7 Rd3 27.f3 
Rd1+ 28.Kh2 Qa8 29.Nxf5+ gxf5 30.Qxh4 Qb8+ 31.f4 Rd4 32.b5 cxb5 33.Re3 
Qxf4+ 34.Rg3+ Kf8 35.Qxf6 Ke8 36.Qc6+ Ke7 37.Qxb5 Qc7 38.c6 Ke6 39.Qb7 
Qxb7 40.cxb7 Rb4 41.Re3+ Kd6 42.Rf3 Rxb7 43.Rxf5 Ke6 44.g4 d4 45.Kg2 d3 
46.Kf2 Rb2+ 1/2-1/2

[Event "Xtracon Chess Open 2018"]
[Site "Elsinore"]
[Date "2018.07.28"]
[Round "9"]
[White "Saric, Ivan"]
[Black "Thybo, Jesper Sondergaard"]
[Result "1-0"]
[WhiteElo "2689"]
[BlackElo "2497"]
[EventDate "2018.07.21"]
[WhiteFideId "14508150"]
[BlackFideId "1438832"]

1.e4 e5 2.Nf3 Nc6 3.Bb5 a6 4.Ba4 Nf6 5.O-O Be7 6.Re1 b5 7.Bb3 d6 8.c3 O-O 
9.h3 Nb8 10.d4 Nbd7 11.Nbd2 Bb7 12.Bc2 Re8 13.Nf1 Bf8 14.Ng3 g6 15.a4 Nb6 
16.b3 bxa4 17.bxa4 a5 18.Rb1 Ba6 19.Bb3 Bc4 20.Bxc4 Nxc4 21.Qe2 Nb6 22.Qa2
Qd7 23.Bg5 Bg7 24.Rb5 Qc6 25.d5 Qc4 26.Qxc4 Nxc4 27.Nd2 Nb6 28.Ra1 Reb8 
29.c4 Nfd7 30.Be3 h5 31.Ne2 Kh7 32.g4 f6 33.gxh5 gxh5 34.Nc1 Bh6 35.Bxh6 
Kxh6 36.Ncb3 Ra7 37.Kf1 f5 38.c5 dxc5 39.Nxc5 Rd8 40.Ne6 Rc8 41.exf5 Ra6 
42.Ke2 Raa8 43.Ne4 1-0

[Event "Xtracon Chess Open 2018"]
[Site "Elsinore"]
[Date "2018.07.28"]
[Round "9"]
[White "Grandelius, Nils"]
[Black "Mu, Ke"]
[Result "1-0"]
[WhiteElo "2668"]
[BlackElo "2455"]
[EventDate "2018.07.21"]
[WhiteFideId "1710400"]
[BlackFideId "8602778"]

1.c4 c6 2.Nf3 d5 3.e3 Nf6 4.Nc3 e6 5.b3 Nbd7 6.Bb2 Bd6 7.Qc2 O-O 8.Rg1 e5 
9.cxd5 cxd5 10.g4 d4 11.g5 dxc3 12.gxf6 cxd2+ 13.Nxd2 Nxf6 14.O-O-O Be6 
15.Nc4 Bxc4 16.Bxc4 Qe7 17.Kb1 Ba3 18.Ba1 Rac8 19.Rg5 Rc5 20.Rdg1 Ne8 21.
Rh5 Nf6 22.Rhg5 Ne8 23.f4 Kh8 24.Bxe5 f5 25.Bd4 b5 26.Bxc5 Qxc5 27.Bd3 
Qxe3 28.Bxf5 Qxf4 29.Bd3 h6 30.Rxb5 Qe3 31.Rd1 Rf2 32.Re5 Qxe5 33.Qxf2 Nf6
34.Qe2 Qxe2 35.Bxe2 g5 36.h3 Kg7 37.Kc2 Bc5 38.Kd3 h5 39.Kc4 Bb6 40.a4 g4 
41.hxg4 hxg4 42.b4 g3 43.Bf3 Kg6 44.a5 Bf2 45.b5 Kf5 46.Kd3 Nd7 47.Ke2 Ne5
48.Bd5 Kf4 49.b6 Kg5 50.b7 Nd7 51.Bg2 1-0

[Event "Xtracon Chess Open 2018"]
[Site "Elsinore"]
[Date "2018.07.28"]
[Round "9"]
[White "Bosiocic, Marin"]
[Black "Delorme, Axel"]
[Result "1-0"]
[WhiteElo "2589"]
[BlackElo "2515"]
[EventDate "2018.07.21"]
[WhiteFideId "14507927"]
[BlackFideId "632023"]

1.e4 e5 2.Nf3 Nc6 3.Bb5 a6 4.Ba4 Nf6 5.O-O Be7 6.Re1 b5 7.Bb3 O-O 8.a4 b4 
9.d3 d6 10.a5 Be6 11.Nbd2 Rb8 12.Bc4 Qc8 13.c3 bxc3 14.bxc3 Bxc4 15.Nxc4 
Rb5 16.Bd2 Nd7 17.d4 f5 18.exf5 exd4 19.Nxd4 Nxd4 20.cxd4 Bf6 21.Rc1 Qd8 
22.Qg4 Nb8 23.Qe4 Qd7 24.Ne3 Re8 25.Qd3 Qf7 26.h3 Bg5 27.g4 g6 28.Qc2 Re7 
29.Nd5 Rxd5 30.Bxg5 Rd7 31.Qb3 1-0

[Event "Xtracon Chess Open 2018"]
[Site "Elsinore"]
[Date "2018.07.28"]
[Round "9"]
[White "Nakar, Eylon"]
[Black "Hansen, Sune Berg"]
[Result "0-1"]
[WhiteElo "2462"]
[BlackElo "2584"]
[EventDate "2018.07.21"]
[WhiteFideId "2811111"]
[BlackFideId "1400266"]

1.d4 Nf6 2.c4 e6 3.Nc3 Bb4 4.f3 c5 5.d5 O-O 6.e4 d6 7.Ne2 b5 8.Nf4 e5 9.
Ne2 Nh5 10.g4 Qh4+ 11.Kd2 Nf4 12.Nxf4 exf4 13.Kc2 Bxc3 14.bxc3 bxc4 15.
Bxc4 Nd7 16.Bxf4 Qe7 17.Rb1 Nb6 18.Bd3 c4 19.Be2 Bxg4 20.Qd4 Bh5 21.Rhg1 
f6 22.Rb4 Rac8 23.Kb2 Kh8 24.Rg2 Rc5 25.Qf2 Rd8 26.Be3 Rcc8 27.Bxb6 axb6 
28.Qxb6 Rc7 29.Qd4 Ra8 30.Rf2 Bg6 31.Bxc4 f5 32.Bb3 Re8 33.Bc2 fxe4 34.
fxe4 Kg8 35.Re2 Bh5 36.Re3 Bg6 37.Bb3 Kh8 38.Bc2 Qh4 39.Qd2 Qf6 40.Ba4 Rf8
41.Bc6 h6 42.Re2 Rcf7 43.a4 Qf3 44.a5 Ra7 45.Ra4 Rb8+ 46.Ka2 Ra6 47.Re3 
Qf1 48.Re1 Qf3 49.Qe3 Qf7 50.c4 Qc7 51.Qc3 Be8 52.Bxe8 Rxe8 53.Kb3 Ra7 54.
c5 dxc5 55.Rc1 Rb8+ 56.Ka3 Rb5 57.a6 Qb6 58.Qh3 Ra5 59.Qc8+ Kh7 60.Rc4 
R5xa6 61.Qf5+ g6 62.Qe6 Rxa4+ 0-1

[Event "Xtracon Chess Open 2018"]
[Site "Elsinore"]
[Date "2018.07.28"]
[Round "9"]
[White "Timman, Jan H"]
[Black "Korley, Kassa"]
[Result "0-1"]
[WhiteElo "2555"]
[BlackElo "2443"]
[EventDate "2018.07.21"]
[WhiteFideId "1000012"]
[BlackFideId "2033801"]

1.e4 c6 2.d4 d5 3.Nd2 dxe4 4.Nxe4 Nd7 5.Ng5 Ngf6 6.Bd3 Qc7 7.Qe2 h6 8.N5f3
e6 9.Ne5 Nxe5 10.dxe5 Nd7 11.Nf3 g5 12.O-O Bg7 13.Re1 b6 14.Bd2 Bb7 15.Bc3
Nc5 16.Bc4 b5 17.Qe3 Na4 18.Bf1 Nxc3 19.bxc3 Qb6 20.Nd4 O-O 21.h4 gxh4 22.
Qf4 a6 23.Bd3 c5 24.Nf3 h3 25.gxh3 f5 26.Re3 Bxf3 27.Rxf3 c4 28.Be2 Qc7 
29.Re3 Rad8 30.Kh1 Kh7 31.Bh5 Rg8 32.a4 bxa4 33.Be2 Rc8 34.Bf3 Qa5 35.Qd4 
Rgd8 36.Qh4 Rd7 37.Be2 Qd5+ 38.Bf3 Qb5 39.Ree1 Qb2 40.Red1 Rxd1+ 41.Rxd1 
Qxc3 42.Bh5 Qxe5 0-1

[Event "Xtracon Chess Open 2018"]
[Site "Elsinore"]
[Date "2018.07.28"]
[Round "9"]
[White "Chatalbashev, Boris"]
[Black "Jepson, Christian"]
[Result "0-1"]
[WhiteElo "2543"]
[BlackElo "2410"]
[EventDate "2018.07.21"]
[WhiteFideId "2900440"]
[BlackFideId "1701185"]

1.Nf3 d5 2.g3 Nc6 3.d4 g6 4.c4 e6 5.Bg5 f6 6.Bf4 Bg7 7.cxd5 exd5 8.h4 Nge7
9.Nc3 Bg4 10.Bg2 Qd7 11.Rc1 h6 12.Qa4 O-O 13.O-O g5 14.hxg5 hxg5 15.Bd2 
Rad8 16.Rfe1 a6 17.a3 Rf7 18.Qb3 b6 19.Qa2 Bh3 20.Nxd5 Nxd5 21.Bxh3 Qxh3 
22.Rxc6 Bh6 23.e4 g4 24.Nh4 Bxd2 25.Re2 Nf4 26.Rxd2 Rxd4 27.Qxf7+ Kxf7 28.
Rxc7+ Ke8 29.Rc8+ Kd7 30.Rxd4+ Kxc8 31.gxf4 Qxh4 32.Rd3 Qh6 33.e5 Qxf4 34.
e6 Qe5 35.Re3 Qxb2 36.e7 Qc1+ 37.Kg2 Qxe3 38.fxe3 Kd7 39.Kg3 Kxe7 40.Kxg4 
Ke6 41.Kf4 b5 42.Ke4 a5 43.Kd4 Kd6 0-1

[Event "Xtracon Chess Open 2018"]
[Site "Elsinore"]
[Date "2018.07.28"]
[Round "9"]
[White "Johansson, Linus"]
[Black "Moradiabadi, Elshan"]
[Result "1-0"]
[WhiteElo "2454"]
[BlackElo "2538"]
[EventDate "2018.07.21"]
[WhiteFideId "1711113"]
[BlackFideId "12501255"]

1.d4 Nf6 2.c4 e6 3.Nc3 Bb4 4.Nf3 b6 5.Qc2 c5 6.a3 Ba5 7.Bg5 h6 8.Bh4 Bb7 
9.e3 Bxc3+ 10.Qxc3 g5 11.Bg3 Ne4 12.Qc2 Nxg3 13.hxg3 Qf6 14.O-O-O Nc6 15.
d5 Ne7 16.e4 O-O-O 17.Bd3 Ng6 18.Kb1 d6 19.b4 g4 20.Nh4 Nf8 21.Qb2 Qxb2+ 
22.Kxb2 Rg8 23.f4 gxf3 24.gxf3 Rxg3 25.Rdg1 Rxg1 26.Rxg1 Nd7 27.Rg7 Rf8 
28.Bf1 Kd8 29.Bh3 exd5 30.Ng6 fxg6 31.Rxd7+ Ke8 32.Rxb7 Rxf3 33.Bd7+ Kd8 
34.Bc6 dxc4 35.b5 h5 36.Rd7+ Kc8 37.Rxd6 g5 38.Rg6 g4 39.Rg5 Rh3 40.Be8 
Rb3+ 41.Kc2 Rxa3 42.Bxh5 g3 43.Bf7 a6 44.bxa6 Rxa6 45.Bxc4 Ra4 46.Bd5 b5 
47.Rxg3 c4 48.Rg7 Ra3 49.Be6+ Kb8 50.Kd2 Rd3+ 51.Ke2 Rb3 52.Bd5 Rb2+ 53.
Ke3 c3 54.e5 Rb1 55.Be4 Re1+ 56.Kd4 Kc8 57.e6 Kd8 58.Rb7 1-0

[Event "Xtracon Chess Open 2018"]
[Site "Elsinore"]
[Date "2018.07.28"]
[Round "9"]
[White "Rasmussen, Allan Stig"]
[Black "Hagen, Andreas Skytte"]
[Result "1-0"]
[WhiteElo "2536"]
[BlackElo "2383"]
[EventDate "2018.07.21"]
[WhiteFideId "1406000"]
[BlackFideId "1407341"]

1.d4 Nf6 2.c4 g6 3.Nf3 Bg7 4.Nc3 O-O 5.g3 d6 6.Bg2 Nbd7 7.O-O e5 8.e4 c6 
9.Qc2 exd4 10.Nxd4 Re8 11.Rd1 Qe7 12.h3 Nc5 13.Re1 Nfd7 14.Be3 Ne5 15.b3 
a5 16.Rad1 a4 17.f4 axb3 18.axb3 Ned7 19.Bf2 Nf8 20.b4 Na6 21.b5 Nb4 22.
Qb3 c5 23.Nf3 Qc7 24.e5 dxe5 25.fxe5 Nd7 26.Ne4 Bxe5 27.Nxc5 Nxc5 28.Qxb4 
Nd7 29.b6 Qb8 30.Qb5 Re6 31.Nxe5 Nxe5 32.Rd8+ Kg7 33.Qb4 Kf6 34.Rf1 Nd7 
35.Bd4+ Kg5 36.Qd2+ 1-0

[Event "Xtracon Chess Open 2018"]
[Site "Elsinore"]
[Date "2018.07.28"]
[Round "9"]
[White "Buchenau, Frank"]
[Black "Hjartarson, Johann"]
[Result "0-1"]
[WhiteElo "2275"]
[BlackElo "2523"]
[EventDate "2018.07.21"]
[WhiteFideId "4604350"]
[BlackFideId "2300044"]

1.e4 c5 2.Nf3 e6 3.b3 a6 4.Bb2 Nc6 5.c4 Nge7 6.d4 cxd4 7.Nxd4 Nxd4 8.Qxd4 
Nc6 9.Qd2 Qc7 10.Be2 Bd6 11.Qg5 Rg8 12.Qh5 h6 13.O-O b6 14.Nc3 Be5 15.Rad1
g6 16.Qh4 g5 17.Qh3 Bb7 18.Bh5 O-O-O 19.Bxf7 g4 20.Qh4 Rg7 21.Bh5 Rdg8 22.
Rd3 Bd4 23.Nd5 Qe5 24.Bxd4 Nxd4 25.Qf6 Ne2+ 26.Kh1 Qxh5 27.Ne7+ Rxe7 28.
Qxe7 Bc6 29.Rfd1 g3 30.fxg3 Nxg3+ 31.Kg1 Nxe4 32.Rxd7 Rxg2+ 33.Kxg2 Qg4+ 
0-1

[Event "Xtracon Chess Open 2018"]
[Site "Elsinore"]
[Date "2018.07.28"]
[Round "9"]
[White "Shirov, Alexei"]
[Black "Nielsen, Andre"]
[Result "1-0"]
[WhiteElo "2637"]
[BlackElo "2178"]
[EventDate "2018.07.21"]
[WhiteFideId "2209390"]
[BlackFideId "1518240"]

1.Nf3 d5 2.g3 Nf6 3.Bg2 e6 4.d3 Be7 5.Nbd2 c5 6.e4 Nc6 7.O-O dxe4 8.dxe4 
e5 9.Nc4 Qc7 10.Ne3 O-O 11.c3 Rd8 12.Qc2 b6 13.Nd5 Qd6 14.Bg5 h6 15.Bxf6 
Bxf6 16.Rad1 Qf8 17.Qa4 Bb7 18.Nxf6+ gxf6 19.Nh4 Ne7 20.Rxd8 Qxd8 21.Rd1 
Qf8 22.Rd6 Rd8 23.Rxd8 Qxd8 24.Qxa7 Bc6 25.h3 Kf8 26.Kh2 Qd2 27.Qxb6 Qxf2 
28.Qd8+ Be8 29.Qd6 Qxb2 30.Nf5 Qb7 31.Qxf6 Nxf5 32.Qh8+ Ke7 33.Qxe5+ Kf8 
34.exf5 Qb2 35.f6 1-0

[Event "Xtracon Chess Open 2018"]
[Site "Elsinore"]
[Date "2018.07.28"]
[Round "9"]
[White "Hoi, Carsten"]
[Black "Venkataraman, Karthik"]
[Result "1/2-1/2"]
[WhiteElo "2389"]
[BlackElo "2514"]
[EventDate "2018.07.21"]
[WhiteFideId "1400100"]
[BlackFideId "25006479"]

1.d4 Nf6 2.c4 e6 3.Nf3 d5 4.Bg5 Be7 5.Nc3 h6 6.Bxf6 Bxf6 7.cxd5 exd5 8.Rc1
O-O 9.e3 Re8 10.Bd3 c5 11.O-O cxd4 12.Nxd4 Bxd4 13.exd4 a6 14.Bc2 Nc6 15.
Qd3 g6 16.Qd2 Kg7 17.Ba4 Qd6 18.Bxc6 Qxc6 19.Qf4 Bf5 20.Rfe1 Rac8 21.h3 b5
22.Rxe8 Rxe8 23.g4 Bd7 24.a3 Qc4 25.Kg2 a5 26.Nd1 Qd3 27.Ne3 Re4 28.Qf3 
Qxd4 29.Rd1 Qxb2 30.Nxd5 Re6 31.Nf4 Re7 32.Rd6 Qe5 33.Ra6 Bc8 34.Rb6 Rc7 
35.Qe3 Qxe3 36.fxe3 Bd7 37.Nd5 Rc2+ 38.Kf3 Bc6 39.e4 Rc5 40.Ne7 Bd7 41.Nd5
Be6 42.Rd6 Rc2 43.Ra6 a4 44.Kf4 Ra2 45.Nc7 Rxa3 46.Ke5 g5 47.Ra7 Kg6 48.
Nxe6 fxe6 49.Re7 Rxh3 50.Rxe6+ Kf7 51.Rb6 Rb3 52.Rb7+ Ke8 53.Kd6 a3 54.e5 
Rd3+ 55.Ke6 a2 56.Ra7 b4 57.Rxa2 b3 58.Ra7 Kd8 59.Rb7 Kc8 60.Rb4 Kd8 61.
Kf7 Rf3+ 62.Kg6 Rh3 63.Kf7 Rd3 64.Kg6 Rh3 65.Kf7 Rf3+ 1/2-1/2

[Event "Xtracon Chess Open 2018"]
[Site "Elsinore"]
[Date "2018.07.28"]
[Round "9"]
[White "Lin, Chen"]
[Black "Aabling-Thomsen, Jakob"]
[Result "1-0"]
[WhiteElo "2508"]
[BlackElo "2379"]
[EventDate "2018.07.21"]
[WhiteFideId "8602298"]
[BlackFideId "1407589"]

1.d4 c5 2.d5 g6 3.e4 Bg7 4.Nf3 d6 5.Bb5+ Bd7 6.a4 Nf6 7.Nc3 O-O 8.O-O Bg4 
9.Re1 Na6 10.h3 Bxf3 11.Qxf3 Nb4 12.Qd1 Ne8 13.Nb1 Nc7 14.c3 Nba6 15.Bf1 
e6 16.Na3 Re8 17.dxe6 fxe6 18.Bf4 d5 19.exd5 exd5 20.Qb3 Ne6 21.Qxb7 Nxf4 
22.Qxa6 Qg5 23.g3 Be5 24.Qc6 Rad8 25.Qxc5 Nh5 26.h4 Qf5 27.Bg2 Rf8 28.
Bxd5+ Kh8 29.Bg2 Rd2 30.Qxe5+ Qxe5 31.Rxe5 Rfxf2 32.Bd5 Nxg3 33.Nc4 Rc2 
34.Rc1 Rce2 35.Rxe2 Rxe2 36.Bf3 1-0

[Event "Xtracon Chess Open 2018"]
[Site "Elsinore"]
[Date "2018.07.28"]
[Round "9"]
[White "Hobber, Anders"]
[Black "Grigorov, Grigor"]
[Result "0-1"]
[WhiteElo "2312"]
[BlackElo "2506"]
[EventDate "2018.07.21"]
[WhiteFideId "1505424"]
[BlackFideId "2907313"]

1.d4 Nf6 2.Nf3 g6 3.g3 Bg7 4.Bg2 c5 5.c3 Qb6 6.O-O d5 7.Qb3 Nc6 8.Bf4 O-O 
9.Nbd2 cxd4 10.Qxb6 axb6 11.Nxd4 Nh5 12.Be3 e5 13.Nxc6 bxc6 14.Bxb6 Ba6 
15.b4 e4 16.Rfc1 Bxe2 17.Nb3 Bb5 18.Na5 Ba4 19.Bd4 f5 20.f4 g5 21.Bxg7 
Kxg7 22.fxg5 Kg6 23.Nb7 f4 24.gxf4 Nxf4 25.Bf1 e3 26.Re1 Rae8 27.Nc5 Bb5 
28.Bxb5 cxb5 29.Rad1 Kxg5 30.Rd4 Rg8 31.Kh1 e2 32.Kg1 Re3 33.Kf2 Rge8 34.
Nb3 Nh3+ 35.Kg2 Kf5 36.Rxd5+ Ke6 37.a3 Rg8+ 38.Kh1 Nf2# 0-1

[Event "Xtracon Chess Open 2018"]
[Site "Elsinore"]
[Date "2018.07.28"]
[Round "9"]
[White "Hector, Jonny"]
[Black "Goff, Ronan Le"]
[Result "0-1"]
[WhiteElo "2499"]
[BlackElo "2295"]
[EventDate "2018.07.21"]
[WhiteFideId "1700090"]
[BlackFideId "612073"]

1.e4 e5 2.Nf3 Nc6 3.Bc4 Nf6 4.Qe2 d6 5.c3 Be7 6.Bb3 O-O 7.h3 Na5 8.Bc2 c5 
9.O-O Qc7 10.Na3 a6 11.b4 cxb4 12.cxb4 Nc6 13.b5 Nb4 14.Bb3 d5 15.Bb2 dxe4
16.Nxe5 Bf5 17.Rac1 Qd8 18.f4 Be6 19.Bxe6 Qb6+ 20.Kh2 Qxe6 21.Rc7 Nbd5 22.
Rxb7 axb5 23.Nc2 Qc8 24.Qxb5 Qxc2 25.Nd7 Rfd8 26.Bxf6 Nxf6 27.Nb6 Rxd2 28.
Rg1 Bc5 29.Nxa8 Bxg1+ 30.Kh1 Qd1 31.Rb8+ Rd8 32.Qb3 Qd6 33.Rb7 Nd5 34.Kxg1
Rxa8 35.a4 Rc8 36.g3 Qc5+ 0-1

[Event "Xtracon Chess Open 2018"]
[Site "Elsinore"]
[Date "2018.07.28"]
[Round "9"]
[White "Song, Edward"]
[Black "Aagaard, Jacob"]
[Result "1/2-1/2"]
[WhiteElo "2275"]
[BlackElo "2482"]
[EventDate "2018.07.21"]
[WhiteFideId "2051192"]
[BlackFideId "1401815"]

1.e4 e5 2.Nf3 Nc6 3.Bb5 Nf6 4.O-O Nxe4 5.Re1 Nd6 6.Nxe5 Nxe5 7.Rxe5+ Be7 
8.Bf1 O-O 9.Nc3 Bf6 10.Re1 c6 11.d4 Nf5 12.d5 Bxc3 13.bxc3 Qf6 14.Qf3 cxd5
15.Bd2 d6 16.Qxd5 Rb8 17.Bd3 Be6 18.Qf3 Rfc8 19.a4 Rc5 20.Rab1 1/2-1/2

[Event "Xtracon Chess Open 2018"]
[Site "Elsinore"]
[Date "2018.07.28"]
[Round "9"]
[White "Debarshi, Mukherjee"]
[Black "Ochsner, Bjorn Moller"]
[Result "1/2-1/2"]
[WhiteElo "2292"]
[BlackElo "2469"]
[EventDate "2018.07.21"]
[WhiteFideId "5007291"]
[BlackFideId "1416928"]

1.c4 Nf6 2.g3 g6 3.Bg2 Bg7 4.Nc3 O-O 5.e4 c5 6.Nge2 Nc6 7.O-O Ne8 8.d3 Nc7
9.Be3 Ne6 10.Qd2 Ned4 11.Bh6 Nxe2+ 12.Nxe2 e5 13.Bxg7 Kxg7 14.f4 d6 15.f5 
f6 16.g4 Qa5 17.Nc3 g5 18.h4 h6 19.Kf2 Bd7 20.Rh1 Rh8 21.Rh3 Ne7 22.Rah1 
b5 23.Kg3 b4 24.Nd5 Nxd5 25.exd5 Rag8 26.Be4 Be8 27.a3 Qb6 28.hxg5 hxg5 
29.Qh2 Rxh3+ 30.Qxh3 Kf8 31.Qh7 bxa3 32.Rh6 Qd8 33.Qxa7 axb2 34.Qb7 Bf7 
35.Rh7 Rg7 36.Rh1 Bg8 37.Qxb2 Ra7 38.Bf3 Qc7 39.Rh6 Ke7 40.Rh8 Bf7 41.Qh2 
Qa5 42.Qh6 Ra8 43.Rxa8 Qxa8 44.Qh2 Qa1 45.Qc2 Be8 46.Qb3 Ba4 47.Qb7+ Bd7 
48.Kf2 Qa2+ 49.Be2 Qc2 50.Qa7 e4 51.dxe4 Qxe4 52.Qa3 Qe5 53.Qe3 Kd8 54.
Qxe5 dxe5 55.Ke3 Kc7 56.Kd3 Kb6 57.Kc3 Kc7 58.Bd1 Kd6 59.Kd3 Bc8 60.Be2 
Ba6 61.Bf1 Kc7 62.Be2 Kb6 63.Bf3 Ka5 64.Kc3 Kb6 1/2-1/2

[Event "Xtracon Chess Open 2018"]
[Site "Elsinore"]
[Date "2018.07.28"]
[Round "9"]
[White "Matthiesen, Martin"]
[Black "Salomon, Johan"]
[Result "0-1"]
[WhiteElo "2273"]
[BlackElo "2462"]
[EventDate "2018.07.21"]
[WhiteFideId "1404067"]
[BlackFideId "1509500"]

1.d4 Nf6 2.c4 c5 3.d5 b5 4.cxb5 a6 5.bxa6 g6 6.Nc3 Bg7 7.e4 O-O 8.Nf3 Qa5 
9.a7 Nxe4 10.axb8=Q Rxb8 11.Qd3 Nxc3 12.Bd2 Rxb2 13.Rc1 Rxd2 14.Qxd2 Bb7 
15.Bc4 Qb4 16.Be2 Nxa2 17.Qxb4 cxb4 18.Rc5 Nc3 19.Bc4 Ra8 20.O-O d6 21.Rc7
Bxd5 22.Bxd5 Nxd5 23.Rb7 Bc3 24.Rb1 Ra5 25.Ne1 Kg7 26.Nd3 Kf6 27.g3 e5 28.
Nc1 Ke6 29.Nb3 Ra3 30.Kf1 h5 31.h4 Ra2 32.Nc1 Rc2 33.Nb3 Nf6 34.f3 Nd5 35.
Kg1 Ne3 36.Kh1 Nf5 37.Rg1 Nd4 38.Rg2 Rxg2 39.Nxd4+ exd4 40.Kxg2 Kd5 41.Kf2
Kc4 42.Ke2 d3+ 43.Kd1 f5 44.Rb6 Kc5 45.Rb8 d5 46.Rb7 Kc4 47.Rc7+ Kd4 48.
Rc6 b3 0-1

[Event "Xtracon Chess Open 2018"]
[Site "Elsinore"]
[Date "2018.07.28"]
[Round "9"]
[White "Foisor, Sabina-Francesca"]
[Black "Holm, Kristian Stuvik"]
[Result "0-1"]
[WhiteElo "2285"]
[BlackElo "2453"]
[EventDate "2018.07.21"]
[WhiteFideId "1212915"]
[BlackFideId "1508083"]

1.d4 Nf6 2.c4 e6 3.Nf3 d5 4.Bg5 dxc4 5.Nc3 a6 6.a4 Nc6 7.e3 Na5 8.Nd2 Qd6 
9.Bxf6 gxf6 10.Nxc4 Nxc4 11.Bxc4 Qc6 12.Bf1 Bd7 13.Qb3 O-O-O 14.Bd3 f5 15.
O-O Qd6 16.Rfc1 Bc6 17.Rc2 Rg8 18.g3 h5 19.Rac1 Qb4 20.Qa2 f4 21.d5 exd5 
22.Nb5 Kb8 23.Rxc6 bxc6 24.Nd4 Rd6 25.Rc3 Ka8 26.Nxc6 Qb7 27.Bb5 fxe3 28.
fxe3 Rgg6 29.Rb3 Rxc6 30.Bxc6 Qxc6 31.Qb1 Rf6 32.Qd3 Qc4 33.Qd1 Bb4 34.Rd3
c6 35.Rd4 Qc5 36.Kg2 a5 37.e4 Rd6 38.e5 Re6 39.Rf4 Rxe5 40.Rxf7 Qe3 41.Rf2
Qe4+ 42.Kh3 Rf5 43.Qf1 Qg4+ 44.Kg2 Rxf2+ 45.Qxf2 Kb7 46.b3 h4 47.Qf7+ Kb6 
48.Qf6 h3+ 49.Kf2 Bc5+ 50.Ke1 Qe4+ 51.Kf1 Qg2+ 0-1

[Event "Xtracon Chess Open 2018"]
[Site "Elsinore"]
[Date "2018.07.28"]
[Round "9"]
[White "Ni, Shiqun"]
[Black "Hinrichs, Lars"]
[Result "1-0"]
[WhiteElo "2435"]
[BlackElo "2185"]
[EventDate "2018.07.21"]
[WhiteFideId "8608466"]
[BlackFideId "12921769"]

1.e4 e5 2.Nf3 Nc6 3.Bb5 a6 4.Ba4 Nf6 5.d3 Bc5 6.O-O b5 7.Bb3 d6 8.c3 h6 9.
h3 O-O 10.Be3 Ba7 11.Nbd2 Be6 12.Bxa7 Bxb3 13.Qxb3 Rxa7 14.d4 Re8 15.Rfe1 
Rb7 16.a4 Nh5 17.axb5 axb5 18.g3 Nf6 19.Kg2 Rb6 20.d5 Nb8 21.Ra5 c6 22.
dxc6 b4 23.Ra7 Re7 24.Rxe7 Qxe7 25.Nc4 Rb5 26.Qa4 Rc5 27.Qxb4 Nxc6 28.Qa4 
Qb7 29.Nxd6 Qxb2 30.Qa8+ Qb8 31.Ra1 Nd7 32.c4 f6 33.Nd2 Kh7 34.Qxb8 Ncxb8 
35.Ra7 Nb6 36.Rb7 N8d7 37.Kf3 Rc6 38.Nf5 g6 39.Ne7 Rd6 40.Nd5 Kg8 41.c5 
Nxd5 42.cxd6 N5b6 43.Nc4 1-0

[Event "Xtracon Chess Open 2018"]
[Site "Elsinore"]
[Date "2018.07.28"]
[Round "9"]
[White "Bach, Matthias"]
[Black "Vestby-Ellingsen, Mads"]
[Result "0-1"]
[WhiteElo "2267"]
[BlackElo "2429"]
[EventDate "2018.07.21"]
[WhiteFideId "4603168"]
[BlackFideId "1520857"]

1.d4 Nf6 2.c4 g6 3.Nc3 d5 4.cxd5 Nxd5 5.g3 Bg7 6.Bg2 Nb6 7.Nf3 Nc6 8.O-O 
Nxd4 9.Nxd4 Qxd4 10.a4 O-O 11.a5 Qxd1 12.Rxd1 Nc4 13.Nd5 Nxb2 14.Bxb2 Bxb2
15.Rab1 Ba3 16.Nxc7 Rb8 17.Na6 Ra8 18.Bxb7 Bxb7 19.Rxb7 Bd6 20.Nc7 Rfb8 
21.Rxb8+ Rxb8 22.Nd5 Rb5 23.Nf6+ Kf8 24.Ne4 Bb4 25.a6 Ra5 26.Rb1 Ra4 27.
Kg2 Kg7 28.g4 f5 29.gxf5 gxf5 30.Ng5 Bd6 31.e4 Kg6 32.h4 fxe4 33.Rb7 h6 
34.Ne6 Rxa6 35.Nc7 Ra2 36.Nd5 Bc5 37.Nxe7+ Kf6 38.Ng8+ Kg6 39.Ne7+ Kf6 40.
Ng8+ Ke6 41.Nxh6 Rxf2+ 42.Kg3 e3 43.Rb1 Bd6+ 0-1

[Event "Xtracon Chess Open 2018"]
[Site "Elsinore"]
[Date "2018.07.28"]
[Round "9"]
[White "Hilby, Craig"]
[Black "Ingebretsen, Jens E"]
[Result "1/2-1/2"]
[WhiteElo "2426"]
[BlackElo "2138"]
[EventDate "2018.07.21"]
[WhiteFideId "2062674"]
[BlackFideId "1522965"]

1.d4 Nf6 2.c4 e6 3.g3 d5 4.Nf3 Bb4+ 5.Nbd2 O-O 6.Bg2 dxc4 7.Qc2 Nc6 8.Qxc4
Qd5 9.O-O Bxd2 10.Qxd5 exd5 11.Bxd2 Bg4 12.Rfc1 Rac8 13.e3 Rfe8 14.Be1 Bf5
15.Bf1 Bg4 16.Nd2 Nb8 17.b4 c6 18.a4 Ne4 19.Nxe4 dxe4 20.b5 Be6 21.Bb4 g6 
22.Bd6 Bd5 23.Bh3 Be6 24.Bxe6 Rxe6 25.Bf4 Nd7 26.d5 Rf6 27.dxc6 bxc6 28.
Rc4 Re6 29.a5 c5 30.Rd1 Ne5 31.Bxe5 Rxe5 32.Rd7 Rb8 33.Rxa7 Rxb5 34.Ra4 c4
35.Rxc4 Rxa5 36.Rxa5 Rxa5 37.Rxe4 h5 38.Kg2 Kg7 39.Rd4 Rb5 40.Rd6 Rb4 41.
Kf3 Rb3 42.h4 Rb2 43.Rd4 Ra2 44.Rf4 Rb2 45.Ke4 Ra2 46.Ke5 Ra5+ 47.Kd6 Ra6+
48.Ke7 Ra7+ 49.Kd6 Ra6+ 50.Kd5 Ra5+ 51.Ke4 Ra4+ 52.Kf3 Ra2 53.Rd4 Rb2 54.
Rd6 Ra2 55.e4 Rb2 56.Ke3 Ra2 57.Rd2 Ra3+ 58.Rd3 Ra2 59.Rd6 Rb2 60.Rc6 Ra2 
61.Rb6 Rc2 62.Ra6 Rb2 63.Rd6 Ra2 64.f3 Ra3+ 65.Kf4 Rb3 66.Rc6 Ra3 67.Rb6 
Rc3 68.Ra6 Rb3 69.Rd6 Ra3 70.Rd7 Rb3 71.Rd2 Ra3 72.Re2 Rb3 73.Re3 Rb4 74.
Rd3 Ra4 75.Rd5 Ra3 76.Rd4 Rb3 77.e5 Ra3 78.Re4 Rb3 79.Rc4 Ra3 80.Rb4 Rc3 
81.Ra4 Rb3 82.Rd4 Ra3 83.g4 hxg4 84.fxg4 Ra1 85.Re4 Ra2 86.Kg5 Ra5 87.Kf4 
Ra1 88.h5 gxh5 89.gxh5 Kh6 90.Kf5 Kxh5 91.Rf4 Ra6 92.Rd4 Ra1 93.Rf4 Ra6 
94.Rf1 Kh6 95.Re1 Kg7 96.e6 fxe6+ 97.Rxe6 Rxe6 98.Kxe6 1/2-1/2

[Event "Xtracon Chess Open 2018"]
[Site "Elsinore"]
[Date "2018.07.28"]
[Round "9"]
[White "Liu, Manli"]
[Black "Carlstedt, Jonathan"]
[Result "1/2-1/2"]
[WhiteElo "2167"]
[BlackElo "2425"]
[EventDate "2018.07.21"]
[WhiteFideId "8608121"]
[BlackFideId "24614386"]

1.e4 g6 2.d4 Bg7 3.Nf3 d6 4.Nc3 a6 5.a4 Nc6 6.h3 Nf6 7.Be2 O-O 8.O-O e6 9.
Be3 b6 10.Qd2 Bb7 11.Bg5 Ne7 12.e5 dxe5 13.dxe5 Qxd2 14.Nxd2 Nfd5 15.Nxd5 
Nxd5 16.Nf3 h6 17.Bd2 a5 18.c4 Nb4 19.Bc3 Na6 20.Nd2 Rad8 21.f4 Nc5 22.b4 
axb4 23.Bxb4 Rfe8 24.a5 Bf8 25.axb6 cxb6 26.Ra2 h5 27.g3 Rd7 28.Bf3 Bxf3 
29.Rxf3 Red8 30.Kf1 Rd4 31.Bc3 Rd3 32.Bb4 h4 33.gxh4 R3d4 34.Bc3 R4d7 35.
Bb4 Rd3 36.Kg2 Bh6 37.Bxc5 Rxd2+ 38.Rxd2 Rxd2+ 39.Bf2 Bf8 40.Kg3 Bc5 41.
Bxc5 bxc5 42.Ra3 Rc2 43.Ra4 Kg7 44.Kf3 Rc3+ 45.Kg2 f5 46.Ra7+ Kf8 47.Ra8+ 
Ke7 48.Ra7+ Kf8 49.Ra8+ Kg7 50.Ra7+ Kh6 51.Ra4 Rd3 52.Ra6 Rd4 53.Kg3 Rxc4 
54.Rxe6 Rc3+ 55.Kg2 Rc2+ 56.Kg3 Rc3+ 57.Kg2 1/2-1/2